[Event "Paracin Winter op"]
[Site "Paracin"]
[Date "2018.02.04"]
[Round "9"]
[White "Ivanov, Igor2"]
[Black "Micanovic, Zoran"]
[Result "0-1"]
[WhiteElo "1840"]
[BlackElo "1810"]
[PlyCount "68"]
[EventDate "2018.01.30"]
[EventType "swiss"]
[EventRounds "9"]
[EventCountry "SRB"]
[SourceTitle "CBM 182 Extra"]
[Source "ChessBase"]
[SourceDate "2018.02.23"]
[SourceVersion "1"]
[SourceVersionDate "2018.02.23"]
[SourceQuality "1"]

1. c4 e5 2. Nc3 Nf6 3. Nf3 Nc6 4. g3 Be7 5. Bg2 0-0 6. 0-0 d6 7. d4 exd4 8. Nxd4 Nxd4 9. Qxd4 Nd7 10. Nd5 Bf6 11. Nxf6+ Qxf6 12. Qxf6 Nxf6 13. Bg5 Nd7 14. Rfd1 Re8 15. Kf1 Ne5 16. b3 f6 17. Bd2 Rb8 18. Bc3 Bg4 19. h3 Bh5 20. g4 Bf7 21. Ba5 b6 22. Bc3 Re7 23. Bd5 Ng6 24. e3 Rf8 25. Kg2 Be6 26. Kg3 f5 27. Bxe6+ Rxe6 28. gxf5 Rxf5 29. Rd5 Rf7 30. Re1 Ne7 31. Rg5 Nf5+ 32. Kg4 g6 33. e4 h5+ 34. Kf4 Nd4+ 0-1

[Event "Paracin Winter op"]
[Site "Paracin"]
[Date "2018.01.31"]
[Round "2"]
[White "Micanovic, Zoran"]
[Black "Dimitrijevic, Dusan S"]
[Result "1-0"]
[WhiteElo "1810"]
[BlackElo "1552"]
[PlyCount "51"]
[EventDate "2018.01.30"]
[EventType "swiss"]
[EventRounds "9"]
[EventCountry "SRB"]
[SourceTitle "CBM 182 Extra"]
[Source "ChessBase"]
[SourceDate "2018.02.23"]
[SourceVersion "1"]
[SourceVersionDate "2018.02.23"]
[SourceQuality "1"]

1. e4 e5 2. Nf3 Nf6 3. Nc3 d6 4. Bc4 c6 5. d4 exd4 6. Qxd4 Be7 7. Bf4 Nh5 8. Bg3 0-0 9. 0-0-0 b5 10. Bb3 a5 11. a4 bxa4 12. Nxa4 Nxg3 13. hxg3 Nd7 14. c3 Rb8 15. Bc2 c5 16. Qe3 Nb6 17. e5 h6 18. Rxh6 f5 19. Rdh1 Kf7 20. e6+ Ke8 21. Rh8 Nc4 22. Bxf5 Qc7 23. Qf4 Ne5 24. Nxe5 d5 25. Bg6+ Kd8 26. Rxf8+ 1-0

[Event "Paracin Winter op"]
[Site "Paracin"]
[Date "2018.01.30"]
[Round "1"]
[White "Brankovic, Dejan"]
[Black "Micanovic, Zoran"]
[Result "1-0"]
[WhiteElo "2376"]
[BlackElo "1810"]
[PlyCount "51"]
[EventDate "2018.01.30"]
[EventType "swiss"]
[EventRounds "9"]
[EventCountry "SRB"]
[SourceTitle "CBM 182 Extra"]
[Source "ChessBase"]
[SourceDate "2018.02.23"]
[SourceVersion "1"]
[SourceVersionDate "2018.02.23"]
[SourceQuality "1"]

1. Nf3 Nc6 2. d4 d5 3. c4 e6 4. Nc3 Bb4 5. Bf4 Nf6 6. e3 Ne4 7. Rc1 0-0 8. Bd3 f5 9. Ne5 Nxe5 10. Bxe5 c6 11. 0-0 Bd6 12. Ne2 Nf6 13. Bxd6 Qxd6 14. c5 Qc7 15. h3 Bd7 16. Qd2 g5 17. f3 h6 18. h4 Rf7 19. hxg5 hxg5 20. e4 f4 21. e5 Nh5 22. Bg6 Ng7 23. Bxf7+ Kxf7 24. g4 fxg3 25. Nxg3 Nf5 26. Kf2 1-0

[Event "Paracin Summer op-B 10th"]
[Site "Paracin"]
[Date "2017.07.10"]
[Round "4"]
[White "Micanovic, Zoran"]
[Black "Marjanovic, Gyorgy"]
[Result "0-1"]
[WhiteElo "1824"]
[BlackElo "2004"]
[PlyCount "94"]
[EventDate "2017.07.07"]
[EventType "swiss"]
[EventRounds "9"]
[EventCountry "SRB"]
[SourceTitle "EXT 2020"]
[Source "ChessBase"]
[SourceDate "2019.10.17"]
[SourceVersion "1"]
[SourceVersionDate "2019.10.17"]
[SourceQuality "1"]

1. e4 g6 2. Nf3 Bg7 3. d4 d6 4. Bc4 c6 5. c3 b5 6. Bb3 e6 7. d5 cxd5 8. exd5 e5 9. Qe2 Bd7 10. a4 Qa5 11. 0-0 Ne7 12. Nbd2 0-0 13. Ne4 bxa4 14. Rd1 Nc8 15. Bc2 h6 16. b4 Qc7 17. Bb2 f5 18. Ng3 Nb6 19. Rac1 Nc4 20. Bb1 Bb5 21. Qc2 Nd7 22. Nf1 Ndb6 23. N1d2 a3 24. Ba1 Ba4 25. Nb3 Rfc8 26. Ba2 Qd7 27. Nfd2 e4 28. Nxc4 Nxc4 29. Qe2 Bb5 30. Nd4 a6 31. Nc6 Nb2 32. c4 Ba4 33. Rd2 Kh7 34. Nd4 Nd3 35. Rxd3 exd3 36. Qxd3 Qe7 37. Ne6 Bxa1 38. Rxa1 Bd7 39. Re1 Re8 40. g4 fxg4 41. Bb1 Qf6 42. Qe4 Rab8 43. c5 dxc5 44. bxc5 Rb2 45. Bc2 a2 46. c6 Bxe6 47. dxe6 Rxc2 0-1